| 000 | 00901nam a2200277 i 4500 | ||
|---|---|---|---|
| 999 |
_c7713 _d7713 |
||
| 001 | 991060409072606706 | ||
| 003 | OSt | ||
| 005 | 20230418113931.0 | ||
| 008 | 220405e202202 spc|||| |||| 0|0 0 spa| | ||
| 015 |
_aLL2022 _2bnc |
||
| 017 |
_aDL B 2865-2022 _bBiblioteca de Catalunya |
||
| 020 | _a9788418604102 | ||
| 040 |
_aES-BaBC _bcat _erda _cCDMR |
||
| 080 |
_a94 _x(100) _x"20" _x(035) _22004 |
||
| 100 | 1 | _aRuiz-Domènec, José Enrique, | |
| 245 | 1 | 0 |
_aBreve historia del siglo XXI : _bdel 11-S a la toma de Kabul / _cJosé Enrique Ruiz-Domènec |
| 264 | 1 |
_aBarcelona : _bLa Vanguardia Ediciones, _c2022 |
|
| 300 |
_a158 pàgines ; _c17 cm |
||
| 490 | 1 | _aLibros de vanguardia | |
| 504 | _aBibliografia: pàgines 155-158 | ||
| 650 | 7 |
_aHistòria contemporània _yS. XXI _vObres de divulgació. _2lemac |
|
| 830 | 0 | _aLibros de vanguardia | |
| 908 |
_aBC _aISPC |
||
| 940 | _aBC | ||
| 942 |
_2udc _cMON |
||